00885 2200217 4500001002100000005001500021035002000036008004100056020001700097041000800114082000800122084001400130100001900144245004900163260002900212300002300241520033100264650003200595990001600627990002400643INLIS00000000000218220241022101103 a0010-0520002182241022 | 0 ind  a979442233311 aind a813 a813/RUS/A0 aAhmad Rustandi1 aAndjar Lawan Radja Bangsat /cAhmad Rustandi aBandung :bARMICO,c1967 a76p;20 cm ;c20 cm aSebuah cerita dari tataran sunda yang menceritakan ketangkasan juga kecerdasan seorang pemuda bernama Andjar. Dengan menggunakan bahasa sunda, pengarang mencoba membawa pembaca ke masa puluhan tahun silam. Bacaan ini cocok bagi pembaca yang rindu akan bacaan-bacaan yang berbahasa sunda dengan setting waktu zaman dahulu kala. 4aKarangan Fiksi - Jawa Barat a00000005119 a05119/MKRI-P/1-2008